| 000 | 00637cab a2200217 4500 | ||
|---|---|---|---|
| 001 | WB3304-34 | ||
| 008 | 090401t1997 xxu||||| |||| 00| 0 eng d | ||
| 035 | _a(Sirsi) u33166 | ||
| 041 | _aeng | ||
| 245 | _aOrganic farmers | ||
| 260 | _c1997 | ||
| 350 | _a0 | ||
| 490 |
_aFinancial Times _v23 January 1997, 15(1) |
||
| 520 | _aThe director of the Soil Association, Patrick Holden, has told the agriculture select committee that government policy is `hostile` to organic funding. | ||
| 650 | _aAID | ||
| 650 | _aORGANIC FARMING | ||
| 650 | _aSOIL ASSOCIATION | ||
| 690 | _aRURAL PRACTICE | ||
| 942 | _n0 | ||
| 948 | _c04/03/1997 | ||
| 999 |
_c22171 _d22171 |
||